Statystyki dla Epoki literackie w Polsce

Kliknij tutaj aby rozwiązać quiz!

Ogólne statystyki

  • Ten quiz został rozwiązany 260 razy
  • Średni wynik to 7 z 10

Statystyki odpowiedzi

Wiek/lataEpoka% Poprawnych
X-XVśredniowiecze
92%
1822-1864romantyzm
88%
XVIIbarok
86%
XVIrenesans
85%
1740-1822oświecenie
81%
1890-1918Młoda Polska
75%
1864-1890pozytywizm
72%
1918-1939dwudziestolecie międzywojenne
68%
od 1945literatura współczesna
57%
1939-1945literatura wojenna
24%

Rozkład punktacji

Percentyl według liczby udzielonych odpowiedzi

Procent ludzi z każdym wynikiem

Twoja historia wyników

Nie rozwiązałeś tego quizu